000 01051nam a22002297a 4500
003 OSt
005 20230202115406.0
008 221006b |||||||| |||| 00| 0 eng d
040 _cBiblioteca Lado V
082 _a704.042
_bS194c
100 _9733
_aSanchez Carballo, Susana
_einvestigadora
_ecuradora
_eproductora
245 _aCronologĂ­as de lo invisible/
_bExperiencias estéticas de mujeres artistas en Costa Rica 1900-1980/
260 _aCosta Rica
_bMuseo del Jade y de la Cultura Precolombina
_bMuseo Rafael Angel Calderon Guardia
_bBiblioteca Nacional Miguel Obregon Lizano
_c2022
300 _c15x22cm
_a35p.
650 0 _2Tesauro de Arte & Arquitectura
_aARTE
_9702
650 _2Tesauro de Arte & Arquitectura
_aVISION FEMENINA
_9702
650 _2Tesauro de Arte & Arquitectura
_aMUJERES
650 _2Tesauro de Arte & Arquitectura
_aESTETICA
650 _2Tesauro de Arte & Arquitectura
_aRECOPILACION
700 _aVargas Alvarado, Sussy
_einvestigadora
_ecuradora
_eproductora
942 _2ddc
_c1
_h704.042
_iS194c
_n0
999 _c3041
_d3041